Total quality / (Record no. 347829)

000 -LEADER
fixed length control field 00549 a2200169 4500
020 ## - INTERNATIONAL STANDARD BOOK NUMBER
International Standard Book Number 8124205175 (hardcover)
020 ## - INTERNATIONAL STANDARD BOOK NUMBER
International Standard Book Number 9788124205174 (hardcover)
090 ## - LOCALLY ASSIGNED LC-TYPE CALL NUMBER (OCLC); LOCAL CALL NUMBER (RLIN)
-- 5421
-- 5421
100 1# - MAIN ENTRY--PERSONAL NAME
Personal name Jeffries, David.
245 10 - TITLE STATEMENT
Title Total quality /
Statement of responsibility, etc. David Jeffries, Bill Evans, Peter Reynolds.
260 ## - PUBLICATION, DISTRIBUTION, ETC.
Place of publication, distribution, etc. [S.l.] :
Name of publisher, distributor, etc. Crest Publishing House,
Date of publication, distribution, etc. 2007.
300 ## - PHYSICAL DESCRIPTION
Extent 159 p.
700 1# - ADDED ENTRY--PERSONAL NAME
Personal name Evans, Bill.
700 1# - ADDED ENTRY--PERSONAL NAME
Personal name Reynolds, Peter.
856 40 - ELECTRONIC LOCATION AND ACCESS
Materials specified Amazon.com
Uniform Resource Identifier <a href="http://www.amazon.com/exec/obidos/ASIN/8124205175/chopaconline-20">http://www.amazon.com/exec/obidos/ASIN/8124205175/chopaconline-20</a>
942 ## - ADDED ENTRY ELEMENTS (KOHA)
Institution code [OBSOLETE] NBS
Koha item type Book
Call number prefix 658.4012 JEF
Holdings
Withdrawn status Lost status Damaged status Not for loan Permanent Location Current Location Date acquired Total Checkouts Full call number Barcode Date last seen Price effective from Koha item type
        Central Library (CL) Central Library (CL) 08/28/2013   658.4012 JEF NBS6734 08/28/2013 08/28/2013 Book
© 2023 Central Library, National University of Sciences and Technology. All Rights Reserved.